[Event "EU-chT (Men) 16th"]
[Site "Heraklion"]
[Date "2007.11.01"]
[Round "5.1"]
[White "Kulaots, Kaido"]
[Black "Carlsen, Magnus"]
[Result "0-1"]
[WhiteElo "2547"]
[BlackElo "2714"]
[PlyCount "74"]
[EventDate "2007.10.28"]
[EventType "team-swiss"]
[EventRounds "9"]
[EventCountry "GRE"]
[SourceTitle "CBM 121"]
[Source "ChessBase"]
[SourceDate "2007.11.14"]
[SourceVersion "1"]
[SourceVersionDate "2007.11.14"]
[SourceQuality "1"]
[WhiteTeam "Estonia"]
[BlackTeam "Norway"]
[WhiteTeamCountry "EST"]
[BlackTeamCountry "NOR"]

1. e4 {Wedberg,Tom} e5 2. Nf3 Nc6 3. Bb5 Nf6 4. O-O Nxe4 5. d4 Nd6 6. Bxc6 dxc6 7. dxe5 Nf5 8. Qxd8+ Kxd8 9. Nc3 Bd7 10. b3 Kc8 11. Bb2 h6 12. Rad1 a5 ({RR} 12... b6 13. Ne2 c5 14. c4 ({RR} 14. Nf4 Bc6 ({RR} 14... c4 15. bxc4) 15. Nd5 ({RR} 15. Rfe1 Bxf3 16. gxf3 Be7 17. e6 Bd6) 15... Ne7 ({RR} 15... Nd4 16. Nxd4 Bxd5 17. Ne2 Bc6 18. f4) ({RR} 15... Kb7 16. Rfe1 Ne7 ({RR} 16... Re8 17. c4 Ne7 18. e6) 17. Nxe7 Bxe7 18. e6) 16. Nxe7+ ({RR} 16. c4) 16... Bxe7 17. e6 Bxf3 ({RR} 17... fxe6 18. Rfe1) 18. gxf3 fxe6 19. Rfe1 Bf6 20. Bxf6 gxf6 21. Rxe6) 14... Bc6 15. Nf4 Kb7 ({RR} 15... Bxf3 16. gxf3 Be7 ({RR} 16... c6 17. Rfe1) 17. e6 ({RR} 17. Nd5 Re8 18. Ne3 Nh4 19. f4 g6 20. Rd3 Kb7 21. Rfd1 Rad8) 17... Bd6 18. Rd5 Nd4 ({RR} 18... fxe6 19. Nxe6 Re8 20. Nxc7 Kxc7 21. Rxf5) 19. Bxd4 Bxf4 ({RR} 19... cxd4 20. Rxd4 g5 21. Nh5) 20. Rf5 cxd4 21. Rxf4 fxe6 22. Rxd4 Rf8 23. Re1 Rxf3 24. Rxe6 Rf7) 16. Nd5 ({RR} 16. Rfe1 Bxf3 17. gxf3 Be7 18. Rd7 ({RR} 18. e6 Bd6 19. Nh5 ({RR} 19. Rd5 Nh4) 19... fxe6 20. Rxe6 Rhe8) 18... Rad8 19. e6 fxe6 20. Rxd8 Bxd8 21. Nxe6 Bf6) 16... Ne7 17. Rfe1 Rg8 ({RR} 17... Bxd5 18. cxd5 Rd8 19. d6 cxd6 20. exd6 Nc6 21. d7 Kc7 22. Be5+) ({RR} 17... Rd8 18. Ne3 Re8 ({RR} 18... Rxd1 19. Rxd1) 19. e6 fxe6 20. Ne5) 18. Nf4 ({RR} 18. e6 fxe6 19. Nxe7 ({RR} 19. Rxe6 Rd8) 19... Bxe7 20. Rxe6 ({RR} 20. Ne5 Bf6 21. Nxc6 Bxb2 22. Rxe6 Rae8 23. Rde1 Rxe6 24. Rxe6 Rf8) 20... Bxf3 21. gxf3 Bd6) 18... g5 19. Nh5 Rg6 20. Nf6 Bg7 21. Rd3 Bxf3 22. Rxf3 Bxf6 23. exf6 Nc6 24. Rd3 Rf8 25. Re4 Kc8 26. f4 ({RR} 26. h4 Nd4 27. Bxd4 cxd4 28. Rdxd4 Rxf6 29. hxg5 hxg5) 26... gxf4 27. Rxf4 {Kasparov,G (2849)-Kramnik,V (2770) London 2000 CBM 080 [Wedberg,Tom] ½-½ (53)}) ({RR} 12... Ne7) 13. Rd3 ({RR} 13. h3 b6 14. a4 Bb4 15. Ne2 Re8 16. Nf4 g6 17. g4 Ng7 18. Rd3 Ne6 19. Nxe6 Bxe6 20. Nd4) ({RR} 13. a4 b6 14. Ne2 Ne7 15. Nf4 Bg4 16. e6 fxe6 17. Rfe1 Nd5 18. Ng6 Rg8 19. Nge5 Bf5 20. Nd4 Bb4 21. Rf1 Bc3 22. Nxf5 Bxe5 23. Nxh6 Bxh2+ 24. Kxh2 gxh6 25. Rfe1 Rg6 26. Re4 Kb7 27. c4 Nb4 {Kramnik,V (2753)-Nakamura,H (2802) chess.com INT 2024 ½-½ (40)}) 13... Be7 14. h3 $146 ({RR} 14. Rfd1 Be6 15. h3 h5 16. Bc1 b6 17. Ne2 Kb7 18. Nf4 Bc8 19. a4 g5 20. Ne2 Rg8 21. Nd2 Nh4 22. Ng3 g4 23. Kh2 gxh3 24. gxh3 Be6 25. c4 Rad8 26. Rxd8 Rxd8 27. Nxh5 Nf3+ 28. Kg2 Nxe5 {Perez Marimon,J (2250)-Parra Cabrera,E (2237) Las Tunas 2019 0-1 (70)}) 14... Nh4 15. Nd4 c5 16. Ndb5 Ra6 17. Nd5 Bd8 18. a4 Bf5 19. Rg3 Rg6 20. Ne3 Be6 21. Rxg6 fxg6 22. Nc3 Nf5 23. Ncd5 Bg5 24. f4 Bh4 25. g4 Ng3 26. Rf2 Ne4 27. Re2 Rf8 28. Kg2 c6 29. Nb6+ Kc7 30. Nbc4 Rxf4 31. Nxa5 Ng5 32. Nac4 Rf3 33. Ba3 b5 34. Nd2 Rg3+ 35. Kf1 Nxh3 36. Ng2 b4 37. Bb2 Rxg4 0-1

[Event "EU-chT (Men) 16th"]
[Site "Heraklion"]
[Date "2007.11.04"]
[Round "7.1"]
[White "Sutovsky, Emil"]
[Black "Carlsen, Magnus"]
[Result "1/2-1/2"]
[WhiteElo "2655"]
[BlackElo "2714"]
[PlyCount "171"]
[EventDate "2007.10.28"]
[EventType "team-swiss"]
[EventRounds "9"]
[EventCountry "GRE"]
[SourceTitle "CBM 121"]
[Source "ChessBase"]
[SourceDate "2007.11.14"]
[SourceVersion "1"]
[SourceVersionDate "2007.11.14"]
[SourceQuality "1"]
[WhiteTeam "Israel"]
[BlackTeam "Norway"]
[WhiteTeamCountry "ISR"]
[BlackTeamCountry "NOR"]

1. e4 e5 2. Nf3 Nc6 3. Bb5 Nf6 4. d3 Bc5 5. Bxc6 dxc6 6. Be3 ({RR} 6. h3 Nd7 7. Be3 Bd6 8. Nc3 c5 9. O-O Nf8 10. Nd2 Ng6 11. Nc4 Be6 12. Ne2 Qd7 13. Nxd6+ cxd6 14. f4 exf4 15. Nxf4 Nxf4 16. Rxf4 b6 17. Qh5 d5 18. d4 c4 19. b3 Qc6 20. Raf1 O-O-O) 6... Bxe3 ({RR} 6... Bd6 7. h3 c5 8. Nc3 Nd7 9. O-O Nf8 10. Nd2 Ng6 11. Nc4 O-O 12. Ne2 Be6 13. b3 Be7 14. f4 exf4 15. Nxf4 Nxf4 16. Bxf4 b5 17. Ne3 Bf6 18. Rb1 Qd4 19. Kh1 Be5 20. c3 Qd6 21. Nf5 {Anand,V (2768)-Karjakin,S (2773) Saint Louis 2018 ½-½}) 7. fxe3 Qe7 ({RR} 7... Nd7 8. Nc3 b6 9. O-O O-O 10. Qe1 Qe7 11. Qg3 f6 12. Nh4 Nc5 13. h3 Nb7 14. Rf2 Be6 15. Raf1 Nd6 16. Rf3 c5 17. Qf2 Rad8 18. b3 a6 19. Ne2 b5 20. Ng3 Qd7 21. Nh5 Qe7 22. g4 {Dragnev,V (2547)-Kummer,H (2195) Innsbruck AUT 2025 1-0}) ({RR} 7... Bg4 8. h3 Bxf3 9. Qxf3 Nd7 10. Nc3 Qh4+ 11. Kd2 Qe7 12. Raf1 f6 13. g4 O-O-O 14. h4 h6 15. Qf5 Rdf8 16. Qg6 Nc5 17. g5 hxg5 18. hxg5 Rxh1 19. Rxh1 fxg5 20. Ke2 Ne6 21. Rf1 Rf6 22. Rxf6 {Sutovsky,E (2655)-Ivanchuk,V (2787) Heraklion 2007 ½-½}) 8. O-O Ng4 $146 ({RR} 8... O-O 9. Qe1 ({RR} 9. Nbd2 c5 10. Qe1 Ne8 11. Qg3 f6 12. Nh4 Nd6 13. Rf3 Be6 14. Nf5 Bxf5 15. exf5 e4 16. Nxe4 Nxe4 17. dxe4 Qxe4 18. Qxc7 Rac8 19. Qd7 Rcd8 20. Qb5 c4 21. Qb4 Rf7 22. Qc3 Rfd7 23. Rf4 Qe7) 9... Ne8 10. Nc3 ({RR} 10. Qc3 f6 11. b4 Nd6 12. a4 Bd7 13. Nbd2 b6 14. a5 Kh8 15. Ra2 Rab8 16. axb6 axb6 17. Qa1 Nb7 18. Qc3 c5 19. bxc5 Nxc5 20. Ra7 Rfc8 21. Rfa1 b5 22. d4 exd4 23. exd4 Nxe4 24. Nxe4 Qxe4) 10... Nd6 11. b3 f6 12. h3 Be6 13. Rd1 c5 14. Nh4 g6 15. Qg3 Qg7 16. Nf3 b5 17. a3 Rac8 18. d4 exd4 19. exd4 cxd4 20. Nxd4 Bd7 21. Qd3 a6 22. Nd5 Kh8 23. c4 {Praggnanandhaa,R (2747)-Giri,A (2745) Warsaw POL 2024 1-0 (59)}) ({RR} 8... O-O 9. Qe1 Ne8 10. Nc3 Nd6 11. b3 f6 12. h3 Be6 13. Rd1 c5 14. Nh4 g6 15. Qg3 Qg7 16. Nf3 b5 17. a3 Rac8 18. d4 exd4 19. exd4 cxd4 20. Nxd4 Bd7 21. Qd3 a6 22. Nd5 Kh8 23. c4 {Praggnanandhaa R (2704)-Giri,A (2687) Warsaw, Poland 2024 1-0 (59)}) 9. Qd2 f6 10. Nh4 g6 11. Nc3 Bd7 12. Rf3 f5 13. g3 Nf6 14. exf5 g5 15. Ng2 e4 16. Nxe4 Nxe4 17. dxe4 O-O-O 18. Qa5 Qxe4 19. Qxa7 Bxf5 20. Raf1 Bh3 21. Qa8+ Kd7 22. Qa3 Kc8 23. Qa8+ Kd7 24. Rf7+ Ke8 25. Rf8+ Rxf8 26. Rxf8+ Kxf8 27. Qxd8+ Kf7 28. Qd2 Ke8 29. Ne1 Qc4 30. Qd3 Qb4 31. Nf3 Qxb2 32. Nxg5 Qa1+ 33. Kf2 Qf6+ 34. Nf3 Bf5 35. Qd4 Qf7 36. Qh8+ Ke7 37. Qe5+ Kd7 38. Qd4+ Ke8 39. Qh8+ Ke7 40. Qe5+ Kd7 41. Qf4 Qd5 42. c4 Qa5 43. a3 Bg6 44. Qd4+ Ke6 45. Qg7 Qa4 46. g4 Qc2+ 47. Kg3 Qc1 48. Ng5+ Kd6 49. Qd4+ Ke7 50. Qe5+ Kd7 51. Qd4+ Ke7 52. Qc5+ Kd7 53. Nf3 b6 54. Qd4+ Kc8 55. a4 c5 56. Qf4 Bc2 57. h4 Bxa4 58. h5 Bc6 59. g5 Qh1 60. Qg4+ Bd7 61. Qh4 Qb1 62. g6 hxg6 63. h6 g5 64. Qxg5 Bf5 65. Qg8+ Kb7 66. Qd5+ Kb8 67. Kf4 Bh7 68. Qd8+ Kb7 69. Qd5+ Kb8 70. e4 Qh1 71. Qd8+ Kb7 72. Qd5+ Kb8 73. Qd8+ Kb7 74. Qd5+ Kb8 75. Qe6 Qc1+ 76. Kg4 Qc2 77. Kf4 Qc1+ 78. Kg4 Qc2 79. Ng5 Qe2+ 80. Kh4 Qf2+ 81. Kh5 Qe2+ 82. Kh4 Qe1+ 83. Kh5 Qe2+ 84. Kh4 Qe1+ 85. Kg4 Qe2+ 86. Kh4 1/2-1/2

[Event "EU-chT (Men) 16th"]
[Site "Heraklion"]
[Date "2007.11.05"]
[Round "8.1"]
[White "Carlsen, Magnus"]
[Black "Djukic, Nikola"]
[Result "1-0"]
[WhiteElo "2714"]
[BlackElo "2528"]
[PlyCount "103"]
[EventDate "2007.10.28"]
[EventType "team-swiss"]
[EventRounds "9"]
[EventCountry "GRE"]
[SourceTitle "CBM 121"]
[Source "ChessBase"]
[SourceDate "2007.11.14"]
[SourceVersion "1"]
[SourceVersionDate "2007.11.14"]
[SourceQuality "1"]
[WhiteTeam "Norway"]
[BlackTeam "Montenegro"]
[WhiteTeamCountry "NOR"]
[BlackTeamCountry "MNE"]

1. e4 c5 2. Nf3 Nc6 3. Bb5 g6 4. Bxc6 dxc6 5. d3 Bg7 6. h3 Nf6 7. Nc3 Nd7 8. Be3 e5 9. Qd2 Qe7 10. Bh6 f6 11. Bxg7 Qxg7 12. a3 Nf8 13. b4 Ne6 14. O-O O-O 15. Ne2 a5 16. bxc5 Nxc5 17. Qc3 Qe7 18. a4 Be6 $146 ({RR} 18... Rd8 19. Nd2 Ne6 20. f4 Nd4 21. Nxd4 exd4 22. Qb2 Qb4 23. Qc1 b5 24. f5 Kg7 25. e5 gxf5 26. exf6+ Kh8 27. Nf3 Qf8 28. Qg5 Rd6 29. Rae1 Be6 30. Nxd4 Bd7 31. Re7 Rxd4 32. Qh5 Qg8 33. Rg7 {Stetsko,L (2253)-Ilyuchyk,Y (1966) Minsk 2017 1-0 (36)}) 19. Rfb1 Rfb8 20. Nd2 Nd7 21. Nf1 Qc5 22. Qd2 b5 23. d4 exd4 24. Nxd4 Bc4 25. Ne3 Ne5 26. axb5 Rd8 27. Rxa5 Rxa5 28. Qxa5 Rxd4 29. Qa8+ Qf8 30. Qxf8+ Kxf8 31. b6 Nd7 32. b7 Be6 33. b8=Q+ Nxb8 34. Rxb8+ Ke7 35. f3 Rd7 36. h4 Kd6 37. Kf2 Ke5 38. Re8 Kd6 39. Kg3 Bf7 40. Rh8 Be6 41. Kf4 h5 42. g4 hxg4 43. Nxg4 Bxg4 44. fxg4 Rg7 45. Rh6 Kc5 46. e5 g5+ 47. hxg5 fxe5+ 48. Kxe5 Rxg5+ 49. Kf4 Rg8 50. g5 Kd5 51. g6 Ke6 52. Kg5 1-0

[Event "Moscow Tal Memorial 2nd"]
[Site "Moscow"]
[Date "2007.11.13"]
[Round "4"]
[White "Carlsen, Magnus"]
[Black "Mamedyarov, Shakhriyar"]
[Result "1/2-1/2"]
[WhiteElo "2714"]
[BlackElo "2752"]
[PlyCount "44"]
[EventDate "2007.11.10"]
[EventType "tourn"]
[EventRounds "9"]
[EventCountry "RUS"]
[EventCategory "20"]
[SourceTitle "CBM 122"]
[Source "ChessBase"]
[SourceDate "2008.01.30"]
[SourceVersion "1"]
[SourceVersionDate "2008.01.30"]
[SourceQuality "1"]

1. e4 d6 2. d4 Nf6 3. Nc3 g6 4. f4 Bg7 5. Nf3 c5 6. Bb5+ Bd7 7. Bxd7+ Nbxd7 8. e5 Nh5 9. exd6 O-O 10. O-O exd6 11. Be3 Re8 ({RR} 11... Nhf6 12. Kh1 Re8 {½-½ (16) Saravanan,V (2375)-Koshy,V (2370) Muzaffapur 1998}) 12. Qd2 Nhf6 13. Kh1 Nb6 14. b3 Nbd5 15. Nxd5 Nxd5 16. Bg1 Nf6 17. Rae1 $146 Qd7 18. dxc5 dxc5 19. Qxd7 Nxd7 20. Rxe8+ Rxe8 21. Rd1 Re7 22. Bf2 b6 1/2-1/2

[Event "Moscow Tal Memorial 2nd"]
[Site "Moscow"]
[Date "2007.11.14"]
[Round "5"]
[White "Ivanchuk, Vassily"]
[Black "Carlsen, Magnus"]
[Result "1/2-1/2"]
[WhiteElo "2787"]
[BlackElo "2714"]
[PlyCount "185"]
[EventDate "2007.11.10"]
[EventType "tourn"]
[EventRounds "9"]
[EventCountry "RUS"]
[EventCategory "20"]
[SourceTitle "CBM 122"]
[Source "ChessBase"]
[SourceDate "2008.01.30"]
[SourceVersion "1"]
[SourceVersionDate "2008.01.30"]
[SourceQuality "1"]

1. e4 c5 2. Nf3 Nc6 3. d4 cxd4 4. Nxd4 Nf6 5. Nc3 e5 6. Ndb5 d6 7. Bg5 a6 8. Na3 b5 9. Nd5 Be7 10. Bxf6 Bxf6 11. c3 Bg5 12. Nc2 O-O 13. a4 bxa4 14. Rxa4 a5 15. Bc4 Kh8 16. O-O Rb8 17. b3 f5 18. exf5 Bxf5 19. Qe2 ({RR} 19. b4 axb4 20. cxb4 Qd7 21. Nce3 Bg6 22. Qg4 Qe7 23. Qe6 Qxe6 24. Ng4 {½-½ (25) Ninov,N (2325)-Celebi,M (1908) Sofia BUL 2025}) 19... Bg6 20. Rd1 e4 $146 ({RR} 20... Qc8 21. Nce3 e4 22. Bb5 Ne5 23. Rxa5 Nd3 24. Rf1 Bd8 25. Ba6 Qc6 26. Ra3 Bg5 27. Bc4 Ne5 28. Ra6 Qd7 29. b4 Bh4 30. Ra2 h6 31. Bb3 Qe8 32. Qa6 Qe6 33. Qa7 Bh7 34. Qd4 Qg6 35. Kh1 {Ivanchuk,V (2711)-Kramnik,V (2754) Monte Carlo 2005 1-0 (55)}) ({RR} 20... Qd7 21. Na3 e4 22. Bb5 Qf5 23. f3 exf3 24. Qxf3 Qxf3 25. gxf3 Ne5 26. f4 Nf3+ 27. Kg2 Nh4+ 28. Kg3 Nf5+ 29. Kg4 Bd8 30. c4 Rb7 31. Rd2 Rbf7 32. Nc2 Bh5+ 33. Kh3 g5 34. fxg5 Bxg5 35. Rg2 {Bruned,Y (2352)-Fluvia Poyatos,J (2467) Andorra 2006 0-1 (43)}) 21. Nd4 Nxd4 22. Rxd4 Rb7 23. Qe1 Rbf7 24. Ra2 h5 25. Ne3 Rf4 26. Rd5 Bh6 27. Rdxa5 Rxf2 28. Rxf2 Rxf2 29. Qxf2 Bxe3 30. Rxh5+ Bxh5 31. Qxe3 d5 32. Bf1 Be8 33. b4 Qb8 34. Be2 Kg8 35. h3 Bb5 36. Bg4 Bc4 37. Be6+ Kh7 38. Qf2 Qd8 39. Qf7 Kh6 40. Qf4+ Kh7 41. Qe5 g6 42. Bg4 Qb6+ 43. Qd4 Qd6 44. Qa7+ Kh6 45. Qe3+ Kh7 46. h4 Kg7 47. h5 gxh5 48. Bxh5 Qe7 49. Bg4 Kg6 50. Bc8 Qc7 51. Be6 Qd6 52. Bh3 Qc7 53. Kf2 Qf7+ 54. Ke1 Qf1+ 55. Kd2 Kh7 56. Qa7+ Kg6 57. Qb6+ Kh7 58. Qe3 Bb3 59. Qg3 Bc4 60. Bg4 Qf6 61. Qe3 Qf1 62. Qh3+ Kg7 63. Qg3 Kf8 64. Bh5 Qf6 65. Qe3 Qf1 66. Qh6+ Kg8 67. Qg6+ Kf8 68. Ke3 d4+ 69. cxd4 Qd3+ 70. Kf4 Qxd4 71. Qe8+ Kg7 72. Qe7+ Kg8 73. Qg5+ Kh8 74. Qh6+ Kg8 75. Qg5+ Kh8 76. Qc5 Qd2+ 77. Kf5 Qh6 78. Qe5+ Kh7 79. Kxe4 Qc1 80. Qd6 Qc2+ 81. Kd4 Bf1 82. Qe7+ Kh6 83. Qf8+ Kxh5 84. Qxf1 Qb2+ 85. Kc4 Qa2+ 86. Kc5 Qa7+ 87. Kb5 Qd7+ 88. Kc4 Qe6+ 89. Kc3 Qe5+ 90. Kc2 Qe4+ 91. Kb3 Qe3+ 92. Kb2 Qd2+ 93. Ka3 1/2-1/2

[Event "Moscow Tal Memorial 2nd"]
[Site "Moscow"]
[Date "2007.11.16"]
[Round "6"]
[White "Shirov, Alexei"]
[Black "Carlsen, Magnus"]
[Result "1-0"]
[WhiteElo "2739"]
[BlackElo "2714"]
[Annotator "Postny,Evgeny"]
[PlyCount "67"]
[EventDate "2007.11.10"]
[EventType "tourn"]
[EventRounds "9"]
[EventCountry "RUS"]
[EventCategory "20"]
[SourceTitle "CBM 122"]
[Source "ChessBase"]
[SourceDate "2008.01.30"]
[SourceVersion "1"]
[SourceVersionDate "2008.01.30"]
[SourceQuality "1"]

1. e4 e5 2. Nf3 Nc6 3. Bb5 a6 4. Ba4 Nf6 5. O-O Nxe4 6. d4 b5 7. Bb3 d5 8. dxe5 Be6 9. Nbd2 Be7 10. c3 O-O 11. Re1 {Recently, this half-forgotten move has come back to top level tournaments.} ({In the last few years, the discussion has been mainly around the following line:} 11. Bc2 f5 12. Nb3 Qd7 13. Nbd4 Nxd4 14. Nxd4 c5 15. Nxe6 Qxe6 16. f3 Ng5 {Black has achieved reasonable practical results.}) 11... Nc5 12. Nd4 (12. Bc2 {is a normal alternative, but then Black can push} d4 {with good chances to equalise.}) 12... Nxd4 {In my opinion, this exchange is a strategical concession, because it helps White to strenghten his centre and get an open c-file at his disposal. Black, for his part, is counting on a pair of bishops in the long run. Still, the alternative 12...d7 seems to me a more flexible continuation.} (12... Qd7 13. Bc2 Bg4 14. f3 Bh5 15. Nf5 $6 {White should keep up the blockade on d4.} (15. N2b3 {looks much more solid.}) 15... Bg6 16. g4 $6 {Consequently continuing the dubious idea.} d4 $1 {A typical strike in the centre.} 17. cxd4 Bxf5 18. Bxf5 Qxd4+ 19. Kg2 Nxe5 20. Nb3 Qxd1 21. Rxd1 Na4 $17 {½-½ Shirov,A (2739)-Ivanchuk,V (2787)/Moscow 2007/EXT 2008 (53)}) 13. cxd4 Nd3 (13... Nxb3 14. Nxb3 {Now, Black is not able to make the c7-c5 thrust. The c7 will be weak forever.} a5 15. Qc2 Qd7 16. Bd2 Bf5 17. Nc5 Bxc2 18. Nxd7 Rfd8 19. Rac1 Bf5 20. Nc5 {with a stable advantage for White. 1-0 Svidler,P (2732)-Sutovsky,E (2655)/Crete 2007/CBM 121 (62)}) 14. Re3 Nxc1 15. Rxc1 c5 $1 {Without this strike Black won't get out of the pressure. On the other hand, the whole line seems to be in White's favour.} (15... Rc8 $6 16. Rc6 Qd7 17. Rec3 {with strong pressure along the c-file.}) ({RR} 15... a5 16. a4 Rb8 17. axb5 Rxb5 18. Nf3 Qb8 19. Rec3 Rc8 20. h4 Rb4 21. Bc2 Rxb2 22. Rc6 Rb6 23. Rxe6 fxe6 24. Qd3 g6 25. h5 Kg7 26. hxg6 h6 27. Nh2 Rf8 28. Ng4 Bg5 29. Rf1 Rc6 30. f4 {Shirov,A (2666)-Anton Guijarro,D (2686) Marbella 2019 ½-½ (36)}) 16. dxc5 Rc8 17. Rec3 $6 $146 {In the previous games White achieved a pleasant advantage by the prosaic 17.d3.} (17. Rd3 Qc7 (17... Rxc5 18. Rxc5 Bxc5 19. Ne4 Ba7 20. Bxd5 Qh4 21. g3 Qh3 22. Bxe6 Qxe6 23. Rd5 $16 {½-½ Luther,T (2575)-De Vreugt,D (2504)/Santo Domingo 2003/CBM 097 ext (61)}) 18. Bxd5 Bxc5 19. Nb3 Qb6 20. Nxc5 Rxc5 21. Rxc5 Qxc5 22. h3 $16 {0-1 Geller,E-Suetin,A/Moscow 1950/URS-ch (35)}) 17... b4 (17... d4 18. Rd3 Rxc5 19. Bxe6 fxe6 20. Nf3 $14) 18. R3c2 $146 {Shirov is ready to sacrifice an exchange.} ({RR} 18. Rd3 Bxc5 19. Ne4 Ba7 20. Rxc8 Qxc8 21. Bxd5 Bxd5 22. Rxd5 Qc4 23. Rd8 Bb6 24. Rxf8+ Kxf8 25. Qd6+ Ke8 26. Qb8+ Kd7 27. Qb7+ Bc7 28. g3 Ke6 29. b3 Qc1+ 30. Kg2 Kxe5 31. Qxb4 Qc6 32. f3 Bd8 {Tokman,A (2271)-Casalaspro,M (2290) Torre Blanca ARG 2025 1-0 (41)}) 18... Bf5 19. c6 Bxc2 20. Rxc2 {In this position White has more than enough compensation for the exchange. His passed c6 is very strong. Soon, the knight will be transfered to an ideal blockading square d4.} Qa5 (20... Qb6 21. Ba4 $14 {and White keeps his strong passed pawn.} (21. Bxd5 $6 Qd4 22. Bf3 Qxe5 {helps Black to achieve central and open lines for his major pieces.})) ({But, Black could still be pretty much in the game after} 20... d4 $1 21. e6 d3 22. exf7+ Kh8) 21. Nf3 Rfd8 22. Nd4 g6 23. e6 $1 {Everything is ready for an attack on the light squares.} Bf6 24. exf7+ Kxf7 25. h4 $6 {Making 'luft' for the king secures White from getting mated along the back rank, but actually this is a waste of time.} (25. Qg4 Re8 26. Qd7+ Kg8 27. Re2 $1 (27. Bxd5+ $2 Kh8 {[%csl Rd4,Re1]}) 27... Red8 28. Qe6+ Kg7 29. Qg4 Kf7 30. Ne6 Rxc6 31. Nxd8+ Qxd8 32. Qxb4 Rc1+ 33. Re1 Qb6 34. Qd2 Rxe1+ 35. Qxe1 Bxb2 36. Bxd5+ Kf8 {Black might hold this endgame with accurate defence, counting on the opposite coloured bishops.}) 25... Qb6 26. Rd2 Rd6 $2 {Carlsen definitely missed Shirov's reply. It was necessary to eliminate the knight.} (26... Bxd4 27. Rxd4 Rxc6 28. Rxd5 Ke7 $1 {An important defensive resourse. The Steinitz principle is working! The king is able to defend himself in the centre. Black keeps the balance.} 29. Qe1+ Re6 30. Re5 Rxe5 31. Qxe5+ Kd7 32. Qg7+ Kc8 33. Qxh7 Rf8 34. Qe7 Qxf2+ 35. Kh2 Qf4+ 36. Kh3 Qf5+ $11) {[%tqu "En","Black's last move was a mistake. How can White exploit it?","","","d4f5","Such tactical punches are meat and drink to Shirov!",10]} 27. Nf5 $1 {[%mdl 64] Such tactical punches are meat and drink to Shirov!} Rdxc6 (27... gxf5 28. Rxd5 Rxd5 29. Qxd5+ Kg7 30. Qf7+ Kh6 31. Qxf6+ Kh5 32. Bd1# {The point of 27.f5.}) 28. Bxd5+ (28. Rxd5 $2 Kf8 $1) 28... Kf8 29. Bxc6 Rxc6 (29... Qxc6 30. Rd6 $18 {[%csl Rc6,Rf6]}) 30. Ne3 Bxh4 31. Qf3+ Rf6 $2 {This move leaves the bishop totally misplaced on h4 and loses outright.} ({It was still possible to put up very stubborn resistance after} 31... Bf6 32. Ng4 Re6 33. Rd7 Qc6 34. Rf7+ Kxf7 35. Ne5+ Rxe5 36. Qxc6 Re6) 32. Qa8+ Kg7 33. Qe4 {[%csl Rh4][%cal Ge4e7]} b3 {Desperation, but there is nothing else he can do.} 34. axb3 (34. axb3 Bg5 35. Qe7+ Kh6 36. Ng4+ $18) 1-0

[Event "Moscow Tal Memorial 2nd"]
[Site "Moscow"]
[Date "2007.11.18"]
[Round "8"]
[White "Leko, Peter"]
[Black "Carlsen, Magnus"]
[Result "1/2-1/2"]
[WhiteElo "2755"]
[BlackElo "2714"]
[PlyCount "59"]
[EventDate "2007.11.10"]
[EventType "tourn"]
[EventRounds "9"]
[EventCountry "RUS"]
[EventCategory "20"]
[SourceTitle "CBM 122"]
[Source "ChessBase"]
[SourceDate "2008.01.30"]
[SourceVersion "1"]
[SourceVersionDate "2008.01.30"]
[SourceQuality "1"]

1. e4 e5 2. Nf3 Nc6 3. Bb5 a6 4. Bxc6 dxc6 5. O-O Qf6 6. d4 exd4 7. Bg5 Qd6 8. Nxd4 Be7 9. Bxe7 Nxe7 10. Nc3 Bd7 11. Nb3 Qxd1 12. Raxd1 b6 13. Rd2 O-O-O 14. Rfd1 c5 15. Nd5 Nxd5 16. Rxd5 f5 17. exf5 Bxf5 18. Rxd8+ Rxd8 19. Rxd8+ Kxd8 20. c3 Be6 21. Kf1 $146 ({RR} 21. f4 a5 22. Kf2 Ke7 23. Nc1 a4 24. a3 Kd6 25. Ke3 Kd5 26. h3 g6 27. g4 h5 28. gxh5 gxh5 29. h4 b5 30. Kd3 Bg4 31. Ke3 c4 32. Na2 c5 33. Nc1 Bd1 34. Kd2 Bg4 35. Ke3 Bd1 {Starley,R (2067)-Ahluwalia,A (2045) England 2018 ½-½ (37)}) ({RR} 21. f3 Kd7 22. Kf2 Kd6 23. Ke3 Ke5 24. h4 h5 25. Nc1 a5 26. Nd3+ Kf5 27. a3 Bc4 28. g4+ hxg4 29. fxg4+ Kf6 30. Nf4 Bf7 31. Nh3 Ke5 32. Ng5 Be8 33. Nf3+ Kd5 34. h5 b5 35. Nd2 c4 {Hugentobler,P (2203)-Krebs,S (2050) Graechen 2017 1-0 (45)}) 21... a5 22. Nc1 Kd7 23. Ke2 Kc6 24. Kd2 a4 25. a3 Kd5 26. Nd3 Kc4 27. Ne5+ Kd5 28. Nd3 Kc4 29. Ne5+ Kd5 30. Nd3 1/2-1/2

[Event "Moscow Tal Memorial 2nd"]
[Site "Moscow"]
[Date "2007.11.19"]
[Round "9"]
[White "Carlsen, Magnus"]
[Black "Kamsky, Gata"]
[Result "1/2-1/2"]
[WhiteElo "2714"]
[BlackElo "2714"]
[PlyCount "74"]
[EventDate "2007.11.10"]
[EventType "tourn"]
[EventRounds "9"]
[EventCountry "RUS"]
[EventCategory "20"]
[SourceTitle "CBM 122"]
[Source "ChessBase"]
[SourceDate "2008.01.30"]
[SourceVersion "1"]
[SourceVersionDate "2008.01.30"]
[SourceQuality "1"]

1. e4 e5 2. Nf3 Nc6 3. Bb5 a6 4. Ba4 Nf6 5. O-O Be7 6. Re1 b5 7. Bb3 O-O 8. a4 b4 9. d3 d6 10. Nbd2 Rb8 11. c3 ({RR} 11. h3 Na5 12. Ba2 Be6 13. Bxe6 fxe6 14. Nf1 c5 15. Ng3 Qd7 16. b3 Nc6 17. Rf1 Bd8 18. Be3 Bc7 19. Nh2 Nd4 20. Ne2 d5 21. Ng3 Qc6 22. Ng4 dxe4 23. Nxf6+ gxf6 24. dxe4 Kh8 25. Re1 Rbd8 {Swiercz,D (2616)-Korobov,A (2693) Wroclaw 2014 0-1 (61)}) 11... Bg4 $146 ({RR} 11... Na5 12. Ba2 c5 13. d4 cxd4 14. cxd4 Qc7 15. b3 Nd7 16. Bb2 Bf6 17. Rc1 Qb6 18. Nc4 Nxc4 19. Rxc4 Bb7 20. Bb1 Rbc8 21. Rxc8 {½-½ (21) Palac,M (2587)-Banusz,T (2481) Trieste 2008}) ({RR} 11... Na5 12. Ba2 Be6 13. d4 Bxa2 14. Rxa2 Nd7 15. Qe2 Qc8 16. Nc4 Nxc4 17. Qxc4 a5 18. Bd2 c5 19. dxe5 Nxe5 20. Nxe5 dxe5 21. b3 Qe6 22. Qxe6 fxe6 23. cxb4 cxb4 24. Rc2 Rfd8 25. Kf1 Rd3 26. Re3 {Roquero Redondo,M (2028)-Bernabeu Lopez,C (2416) Roquetas de Mar ESP 2025 ½-½ (43)}) ({RR} 11... Na5 12. Ba2 c5 13. d4 Qc7 14. Nf1 exd4 15. cxd4 c4 16. Bg5 d5 17. exd5 Nxd5 18. Bxe7 Nxe7 19. Rc1 b3 20. Bb1 Ng6 21. Ne3 Rd8 22. h4 Nf8 23. d5 Rb4 24. Qd4 Rxa4 25. h5 Qd6 26. Ng5 {Megaranto,S (2439)-Almasi,Z (2650) Mallorca 2004 1-0 (55)}) 12. h3 Bh5 13. g4 Bg6 14. Nh4 Kh8 15. Bc4 d5 16. Nxg6+ fxg6 17. exd5 Nxd5 18. Ne4 bxc3 19. bxc3 Na5 20. Ba2 c6 21. Be3 Nb7 22. Rb1 Nxe3 23. Rxe3 Nc5 24. Rxb8 Qxb8 25. Nxc5 Bxc5 26. Rf3 a5 27. Kg2 Rf6 28. Qe2 Qf8 29. Qe4 Rxf3 30. Qxf3 Qf6 31. Bf7 Ba3 32. Be8 Bb2 33. c4 c5 34. Bf7 e4 35. dxe4 Be5 36. Bd5 Qxf3+ 37. Kxf3 g5 1/2-1/2